000 00231nam a2200097Ia 4500
008 190216s9999||||xx |||||||||||||| ||und||
100 _aBalakrishnan
245 0 _aPrakashikam
260 _bKerala Bhasha Institute
942 _cBK
999 _c37646
_d37646